000 00799cab a2200265 4500
001 ABS46658
008 090401t1992 xxu||||| |||| 00| 0 eng d
035 _a(Sirsi) u59042
041 _aeng
100 _aWiggins, K.
245 _aValuations techniques examined
260 _c1992
350 _a0
490 _aCS Monthly : General Practice
_v1(9) June 1992, 8(1)
520 _aFour reports have been published on research into valuation methods, all inspired by the 1986 Trott report, and are reviewed here.
650 _aCOST APPROACH
650 _aDEVELOPMENT VALUATION TECHNIQUES
650 _aPROFITS METHOD
650 _aRESEARCH
650 _aREVERSIONARY FREEHOLDS
650 _aVALUATION METHODS
690 _aRATING AND VALUATION
942 _n0
948 _c04/03/1997
999 _c36156
_d36156